000 01302nam a22002537a 4500
999 _c63305
_d63305
005 20240530110633.0
008 170918s2015 ua a f b 000 0 ara d
017 _a2014/23438
_bمصر. دار الكتب
020 _a9789772122448
040 _aEG-CaGPL
_cEG-CaGPL
082 0 4 _221
_a953.0713 /
_bن ح
100 0 _aنجلاء سامى محمد النبراوى
245 1 2 _aالحج و الجهاد بالمغرب و الاندلس :
_b( منذ بداية عصر المرابطين حتى سقوط غرناطة ) : ( 440 - 898 هـ / 1069 - 1492 م ) /
_cنجلاء سامى محمد النبراوى
260 _aالاسكندرية :
_bمؤسسة شباب الجامعة ،
_c2015.
300 _a450 ص. :
_bايض ؛
_c24 سم.
504 _aيشتمل على ارجاعات ببليوجرافية
650 0 7 _2qrmak
_aالحج
_zالاندلس
_xالخلفاء المرابطون
650 0 7 _2qrmak
_xالجهاد
_zالاندلس
_xالخلفاء المرابطون
650 0 7 _2qrmak
_xالجهاد
_zالمغرب
_xالخلفاء المرابطون
650 0 7 _2qrmak
_xالحج
_zالمغرب
_xالخلفاء المرابطون
651 0 7 _2qrmak
_aالاندلس
_xتاريخ
_xالخلفاء المرابطون
942 _2ddc
_cBK